000 00636nam a2200253Ia 4500
003 OSt
005 20221007100709.0
006 a|||||r|||| 00| 0
007 ta
008 221006b |||||||| |||| 00| 0 eng d
024 _a4,935
037 _cTextual
040 _aLCO
_cLCO
_beng
041 _2eng
_aeng
082 _aZ3,4, L6
100 _aWILLIAMS G
245 0 _aFoundations of the law of torts
260 _aLondon
_bButterworths
_c1976
300 _a182
650 _aTORT LAW
700 _a HEPPLE B A
_9688710
942 _hZ3,4, L6
_cTEXL
999 _c1174498
_d1174498